Liberalizácia obchodu Čínskej ľudovej republiky v kontexte vstupu do Svetovej obchodnej organizácie diplomová práca

Salvato in:
Dettagli Bibliografici
Autore principale: Lukáč, Milan
Ente Autore: Ekonomická univerzita v Bratislave. Fakulta medzinárodných vzťahov
Altri autori: Lipková, Ľudmila
Natura: Libro
Lingua:slovacco
Pubblicazione: Bratislava 2010
Tags: Aggiungi Tag
Nessun Tag, puoi essere il primo ad aggiungerne!!

MARC

LEADER 00000nam a2200000 4500
001 0121493
005 20240318122520.6
041 0 |a slo 
044 |a SK 
245 1 0 |a Liberalizácia obchodu Čínskej ľudovej republiky v kontexte vstupu do Svetovej obchodnej organizácie  |b diplomová práca  |c Milan Lukáč ; škol. Ľudmila Lipková 
264 1 |a Bratislava  |c 2010 
300 |a 83 s. 
100 1 |a Lukáč, Milan 
700 1 |a Lipková, Ľudmila 
710 2 |a Ekonomická univerzita v Bratislave. Fakulta medzinárodných vzťahov